Länder mit der höchsten Pressefreiheit - Statistiken

Allgemein
  • Dieses Quiz wurde 44 mal gespielt
  • Das Durchschnittsergebnis liegt bei 12 aus 20
Antwortstatistiken
Index Land % Korrekt
82,0 Deutschland
98%
88,4 Finnland
95%
92,6 Norwegen
95%
88,8 Schweden
95%
82,7 Schweiz
93%
90,3 Dänemark
86%
82,7 Island
83%
81,7 Kanada
83%
88,8 Estland
81%
84,1 Litauen
79%
88,3 Irland
74%
87,4 Portugal
71%
83,5 Neuseeland
67%
84,0 Liechtenstein
60%
80,5 Tschechien
57%
85,9 Costa Rica
14%
83,4 Jamaika
7%
83,3 Seychellen
2%
81,8 Namibia
0%
81,9 Timor-Leste
0%
Keine übereinstimmenden Quizze gefunden
Verteilung der Resultate
Anzahl Personen mit jedem Resultat
Perzentil nach korrekt beantworteten Fragen
Ihre Resultats-Entwicklung
Sie haben dieses Quiz noch nicht gespielt